000 00312nam a22001337a 4500
008 170606b xxu||||| |||| 00| 0 eng d
020 _a1555212638
041 _aeng
080 _a94
100 _a18
101 _aSHH
245 _aTHE HISTORY AND TECHNIQUES OF THE GREAT MASTERS
_cMORRALL.A
942 _2udc
_cBK
999 _c16035
_d16035